Analysis of the Intensities of the Absorption Lines in the υ7 Band of the C2D4 Molecule; Russian Physics Journal; Vol. 61, iss. 6
| Parent link: | Russian Physics Journal Vol. 61, iss. 6.— 2018.— [P. 1070-1073] |
|---|---|
| Main Author: | |
| Corporate Author: | |
| Other Authors: | , |
| Summary: | Title screen Absolute intensities of the absorption lines of the deuterated modification of the ethylene C2D4molecule, namely, the ν7 band are measured for the first time. Режим доступа: по договору с организацией-держателем ресурса |
| Language: | English |
| Published: |
2018
|
| Subjects: | |
| Online Access: | https://doi.org/10.1007/s11182-018-1498-z |
| Format: | Electronic Book Chapter |
| KOHA link: | https://koha.lib.tpu.ru/cgi-bin/koha/opac-detail.pl?biblionumber=659267 |
MARC
| LEADER | 00000naa0a2200000 4500 | ||
|---|---|---|---|
| 001 | 659267 | ||
| 005 | 20250317161949.0 | ||
| 035 | |a (RuTPU)RU\TPU\network\27739 | ||
| 035 | |a RU\TPU\network\27734 | ||
| 090 | |a 659267 | ||
| 100 | |a 20190128d2018 k||y0rusy50 ba | ||
| 101 | 0 | |a eng | |
| 135 | |a drcn ---uucaa | ||
| 181 | 0 | |a i | |
| 182 | 0 | |a b | |
| 200 | 1 | |a Analysis of the Intensities of the Absorption Lines in the υ7 Band of the C2D4 Molecule |f A. L. Fomchenko, E. S. Bekhtereva, K. A. Leroy | |
| 203 | |a Text |c electronic | ||
| 300 | |a Title screen | ||
| 320 | |a [References: 27 tit.] | ||
| 330 | |a Absolute intensities of the absorption lines of the deuterated modification of the ethylene C2D4molecule, namely, the ν7 band are measured for the first time. | ||
| 333 | |a Режим доступа: по договору с организацией-держателем ресурса | ||
| 461 | |t Russian Physics Journal | ||
| 463 | |t Vol. 61, iss. 6 |v [P. 1070-1073] |d 2018 | ||
| 610 | 1 | |a электронный ресурс | |
| 610 | 1 | |a труды учёных ТПУ | |
| 610 | 1 | |a С2D4 molecule | |
| 610 | 1 | |a rotational spectrum | |
| 610 | 1 | |a line intensity | |
| 610 | 1 | |a интенсивность | |
| 610 | 1 | |a вращение | |
| 610 | 1 | |a спектры | |
| 610 | 1 | |a молекулы | |
| 700 | 1 | |a Fomchenko |b A. L. |c physicist |c research engineer at Tomsk Polytechnic University, candidate of physical and mathematical Sciences |f 1987- |g Anna Leonidovna |3 (RuTPU)RU\TPU\pers\34089 |9 17645 | |
| 701 | 1 | |a Bekhtereva |b E. S. |c physicist |c Professor of Tomsk Polytechnic University, Doctor of physical and mathematical sciences |f 1974- |g Elena Sergeevna |3 (RuTPU)RU\TPU\pers\34450 |9 17851 | |
| 701 | 1 | |a Leroy |b K. A. |g Klod Andre | |
| 712 | 0 | 2 | |a Национальный исследовательский Томский политехнический университет |b Исследовательская школа физики высокоэнергетических процессов |c (2017- ) |3 (RuTPU)RU\TPU\col\23551 |
| 801 | 2 | |a RU |b 63413507 |c 20190128 |g RCR | |
| 856 | 4 | 0 | |u https://doi.org/10.1007/s11182-018-1498-z |
| 942 | |c CF | ||